<?xml version="1.0" encoding="UTF-8"?>
<record
    xmlns:xsi="http://www.w3.org/2001/XMLSchema-instance"
    xsi:schemaLocation="http://www.loc.gov/MARC21/slim http://www.loc.gov/standards/marcxml/schema/MARC21slim.xsd"
    xmlns="http://www.loc.gov/MARC21/slim">

  <leader>02996nam a22001817a 4500</leader>
  <controlfield tag="003">IT-RoPau</controlfield>
  <controlfield tag="005">20220918175936.0</controlfield>
  <controlfield tag="008">121213b        xxu||||| |||| 00| 0 eng d</controlfield>
  <datafield tag="040" ind1=" " ind2=" ">
    <subfield code="c">IT-RoPau</subfield>
  </datafield>
  <datafield tag="100" ind1=" " ind2=" ">
    <subfield code="a">Alberione Giacomo</subfield>
    <subfield code="q">Fondatore Famiglia Paolina</subfield>
    <subfield code="9">19</subfield>
  </datafield>
  <datafield tag="245" ind1=" " ind2=" ">
    <subfield code="a">Ut perfectus sit homo Dei - Perch&#xE8; l'uomo di Dio sia Perfetto (Sovracopertina).</subfield>
    <subfield code="b">Mese di Esercizi spirituali Aprile 1960</subfield>
  </datafield>
  <datafield tag="250" ind1=" " ind2=" ">
    <subfield code="a">I</subfield>
  </datafield>
  <datafield tag="260" ind1=" " ind2=" ">
    <subfield code="a">Roma</subfield>
    <subfield code="b">Casa Generalizia Societ&#xE0; San Paolo </subfield>
    <subfield code="c">Cinisello Balsamo </subfield>
  </datafield>
  <datafield tag="300" ind1=" " ind2=" ">
    <subfield code="a">575 p.</subfield>
    <subfield code="c">21,5 cm</subfield>
  </datafield>
  <datafield tag="490" ind1=" " ind2=" ">
    <subfield code="a">Opera Omnia</subfield>
    <subfield code="v">I</subfield>
  </datafield>
  <datafield tag="520" ind1=" " ind2=" ">
    <subfield code="a">SOMMARIO

Presentazione
Prefazione

Prima settimana
Introduzione: FINALITA' COL MAESTRO
Istruzione I: IN DISPARTE COL MAESTRO
Istruzione II: LE COSTITUZIONI: LEGGE E SPIRITO
Istruzione III. LE VOCAZIONI: CROCE E PATERNITA'
Istruzione IV: LE VOCAZIONI AUTENTICHE
Istruzione V:  IL DISCERNIMENTO: SACERDOTI E DISCEPOLI
Istruzione VI: GLI ESERCIZI SPIRITUALI E LA VOCAZIONE
Istruzione VII: ASPIRANTI ALLA VITA PAOLINA
Istruzione VIII: IL NOVIZIATO: TEMPO DI FORMAZIONE
     RELIGIOSA
Istruzione IX: LA VITA COMUNITARIA
Istruzione X: USO E ABUSI DEI MEZZI AUDIOVISIVI
Istruzione XI: PROMOZIONE E GUIDA DELLE VOCAZIONI
Istruzione XII: LA FAMIGLIA PAOLINA E LA PARROCCHIA
Istruzione XIII: FORMAZIONE ALLA PASTORALITA'
Istruzione XIV: VIRTU' E VOTO DELLA POVERTA'
Istruzione XV: LA CASTITA' CONSACRATA
Istruzione XVI: COSCIENZA ED OBBEDIENZA

Seconda settimana
Istruzione I: INTELLIGENZA E PRATICA DELL' ORAZIONE
Istruzione II: LA CELEBRAZIONE EUCARISTICA
Istruzione III: LA MEDITAZIONE
Istruzione IV: L' ESAME DI COSCIENZA
Istruzione V: LA VISITA EUCARISTICA
Istruzione VI: ALTRE FORME DI PREGHIERA
Istruzione VII: IL DIVINO MAESTRO VIA VERITA' E VITA 
Istruzione VIII: LO STUDIO
Istruzione IX: LA FORMAZIONE PAOLINA
Istruzione X: NORME PER I NOSTRI STUDI
Istruzione XI: STUDI E APOSTOLATO
Istruzione XII: LO STUDIO DEI DISCEPOLI

Terza settimana
Istruzione I: EDIZIONI: LA BIBBIA
Istruzione II: LA CARITA' PAOLINA
Istruzione III: ZELO E DEDIZIONE
Istruzione IV: LE VISITE ALLE COMUNITA'
Istruzione V: GLI ISTITUTI SECOLARI
Istruzione VI: L' APOSTOLATO DELLE EDIZIONI
Istruzione VII: INTEGRAZIONE TRA GLI ISTITUTI DELLA
     FAMIGLIA PAOLINA
Istruzione VIII: MEZZI TECNICI DI APOSTOLATO
Istruzione IX: SERVIZI DEL GOVERNO GENERALE
Istruzione X: IL GOVERNO DELL' ISTITUTO
Istruzione XI: IL CONSIGLIO GENERALE E LE DELEGAZIONI

Quarta settimana
Istruzione I: IL GOVERNO DELLA PROVINCIA
Istruzione II: FONDAMENTI DELLA VITA RELIGIOSA
Istruzione III: LE BIBLIOTECHE POPOLARI
Istruzione IV: LA PROPAGANDA-DIFFUSIONE
Istruzione V: ATTENZIONE AI BISOGNI DEL MONDO
Istruzione VI: PROPAGANDA RAZIONALE
Istruzione VII: LE LIBRERIE
Istruzione VIII: LO SPIRITO DEL DISCEPOLO DEL DIVIN
    MAESTRO
Istruzione IX: CARITA' E SPIRITO DELLA FAMIGLIA
Istruzione X: MARIA  DISCEPOLA E MAESTRA
Ultima istruzione: MARIA REGINA DEGLI APOSTOLI

Conclusione

Indice delle citazioni bibliche
Indice tematico
Indice analitico














</subfield>
  </datafield>
  <datafield tag="942" ind1=" " ind2=" ">
    <subfield code="2">ddc</subfield>
    <subfield code="c">BK</subfield>
  </datafield>
  <datafield tag="999" ind1=" " ind2=" ">
    <subfield code="c">37652</subfield>
    <subfield code="d">37652</subfield>
  </datafield>
  <datafield tag="952" ind1=" " ind2=" ">
    <subfield code="0">0</subfield>
    <subfield code="1">0</subfield>
    <subfield code="2">ddc</subfield>
    <subfield code="4">0</subfield>
    <subfield code="6">P_A6</subfield>
    <subfield code="7">1</subfield>
    <subfield code="a">PAULUS</subfield>
    <subfield code="b">PAULUS</subfield>
    <subfield code="d">2012-12-13</subfield>
    <subfield code="l">0</subfield>
    <subfield code="o">P A6</subfield>
    <subfield code="r">2012-12-13 00:00:00</subfield>
    <subfield code="w">2012-12-13</subfield>
    <subfield code="y">BK</subfield>
  </datafield>
  <datafield tag="952" ind1=" " ind2=" ">
    <subfield code="0">0</subfield>
    <subfield code="1">0</subfield>
    <subfield code="2">ddc</subfield>
    <subfield code="4">0</subfield>
    <subfield code="6">P_A6</subfield>
    <subfield code="7">1</subfield>
    <subfield code="a">PAULUS</subfield>
    <subfield code="b">PAULUS</subfield>
    <subfield code="d">2012-12-18</subfield>
    <subfield code="l">0</subfield>
    <subfield code="o">P A6</subfield>
    <subfield code="r">2012-12-18 00:00:00</subfield>
    <subfield code="w">2012-12-18</subfield>
    <subfield code="y">BK</subfield>
  </datafield>
  <datafield tag="952" ind1=" " ind2=" ">
    <subfield code="0">0</subfield>
    <subfield code="1">0</subfield>
    <subfield code="2">ddc</subfield>
    <subfield code="4">0</subfield>
    <subfield code="6">P_A6</subfield>
    <subfield code="7">1</subfield>
    <subfield code="a">PAULUS</subfield>
    <subfield code="b">PAULUS</subfield>
    <subfield code="d">2012-12-18</subfield>
    <subfield code="l">0</subfield>
    <subfield code="o">P A6</subfield>
    <subfield code="r">2012-12-18 00:00:00</subfield>
    <subfield code="w">2012-12-18</subfield>
    <subfield code="y">BK</subfield>
  </datafield>
</record>
